| 000 | 00723nam a2200217 a 4500 | ||
|---|---|---|---|
| 001 | 000032922 | ||
| 003 | OSt | ||
| 005 | 20240302073957.0 | ||
| 008 | 110801s19uu dr r 000 0 spa d | ||
| 040 |
_aDO-SdBNP _bspa _cBNPHU |
||
| 082 | 4 |
_a923.57293 _bG633G _222 |
|
| 100 | 1 |
_aVarona Guerrero, Miguel _958675 |
|
| 245 | 1 | 3 | _aEl generalísimo Máximo Gómez Báez que galvanizó y dió cohesión al glorioso ejército libertador. |
| 260 |
_a[Santo Domingo] : _b[s.n.], _c[19??]. |
||
| 300 |
_a31 p. ; _c23 cm. |
||
| 590 | _aInventariado, 2018/ YL | ||
| 600 | 1 | 0 |
_aGómez, Máximo, _d1836-1905 _912249 |
| 651 | 4 |
_aRepública Dominicana _vBiografías _91083 |
|
| 910 | _aValidado. Control de calidad MFF | ||
| 942 |
_2ddc _cLBS1 |
||
| 999 |
_c32413 _d32413 |
||